000 00305 a2200133 4500
000 nam a22 7a 4500
100 _aKhanna, Kavita
110 _aKhanna, Kavita
245 _aKuby Immunology Vol 1
250 _aLatest edition
260 _bMedTech
_c2025
264 _bMedTech
_c2025
942 _cBK
999 _c396793
_d396793